000 00614nam a22002177a 4500
005 20231124150422.0
008 230217b |||||||| |||| 00| 0 eng d
020 _a0198250053
040 _aMCHVL
041 _aEnglish
082 _a128.37
_bSOR
100 _aSorabi, Richard
245 _aEmotion and peace of mind :
_bform stoic agtation ti Christian temtation /
_cRichard Sorabi
260 _aNew York :
_bOxford University,
_c2000.
300 _ax, 499p. ;
_c24cm.
500 _aIncludes index.
650 _aPeace of mind
650 _aStoics
650 _aFathers of the church
942 _cBK
999 _c4464
_d4464